000 00456nam a2200181Ia 4500
001 14300
005 20260306164904.0
008 260306t2013||||xx |||||||||||||| ||spa||
041 _aESP
082 _a511.3
_bH71
100 _aHollos, Stefan
_eAUT
245 0 _aFinite automata and regular expressions:
_bproblems and solutions
260 _c2013
300 _a143 páginas :
_c22 cm.
650 _aGEN
654 _aCMA
942 _cLIB
_dJUS
_fJUS
_2ddc
_n
999 _c14300
_d14300